Geographical Records by Country - Statistics

General Stats
  • This quiz has been taken 39 times
  • The average score is 10 of 20
Answer Stats
Record Country % Correct
Highest Mountain China | Nepal
100%
Deepest and Oldest Lake Russia
82%
Highest Waterfall Venezuela
82%
Highest Average Elevation Bhutan
79%
Tallest Mountain (measured from base) United States
79%
Largest Tropical Wetland Area Bolivia | Brazil | Paraguay
76%
Largest Island Denmark
76%
Most Volcanoes Indonesia
67%
Highest Volcano Argentina | Chile
61%
Lowest Elevation on Land Israel | Jordan
61%
Oldest Desert Angola | Namibia | South Africa
58%
Greatest Percentage of Forest Cover Suriname
33%
Greatest Number of Islands Sweden
30%
Oldest Island Madagascar
27%
Oldest Impact Crater Australia
21%
Oldest Rock Formation Canada
15%
Hottest Inhabited Location Ethiopia
15%
Largest Natural Cavern Vietnam
15%
Largest Lava Lake Democratic Republic of the Congo
6%
Deepest Cave Georgia
3%
No matching quizzes found
Score Distribution
Percent of People with Each Score
Percentile by Number Answered
Your Score History
You have not taken this quiz